Создание системы студенческого кураторства на базе Института кибернетики НИ ТПУ; Уровневая подготовка специалистов: государственные и международные стандарты инженерного образования

Bibliographic Details
Parent link:Уровневая подготовка специалистов: государственные и международные стандарты инженерного образования.— 2013.— [С. 358-359]
Main Author: Жаркая В. В. Вероника Викторовна
Corporate Author: Национальный исследовательский Томский политехнический университет
Other Authors: Овчинников А. В. Антон Викторович, Хосиев В. Т. Вусал Тахир оглы
Summary:Заглавие с экрана
Language:Russian
Published: 2013
Series:Актуальные проблемы кураторской деятельности в ТПУ
Subjects:
Online Access:http://www.lib.tpu.ru/fulltext/c/2013/C09/206.pdf
Format: Electronic Book Chapter
KOHA link:https://koha.lib.tpu.ru/cgi-bin/koha/opac-detail.pl?biblionumber=244523

MARC

LEADER 00000naa2a2200000 4500
001 244523
005 20260225150715.0
035 |a (RuTPU)RU\TPU\book\265911 
035 |a RU\TPU\book\265863 
090 |a 244523 
100 |a 20131023d2013 k y0rusy50 ca 
101 0 |a rus 
102 |a RU 
135 |a arnn ---uucaa 
181 0 |a i  
182 0 |a b 
200 1 |a Создание системы студенческого кураторства на базе Института кибернетики НИ ТПУ  |f В. В. Жаркая, А. В. Овчинников, В. Т. Хосиев 
203 |a Текст  |c электронный 
225 1 |a Актуальные проблемы кураторской деятельности в ТПУ 
300 |a Заглавие с экрана 
337 |a Adobe Reader 
463 1 |0 (RuTPU)RU\TPU\book\262130  |t Уровневая подготовка специалистов: государственные и международные стандарты инженерного образования  |o сборник трудов научно-методической конференции, 26-30 марта 2013 г., Томск  |f Национальный исследовательский Томский политехнический университет (ТПУ) ; ред. кол. А. И. Чучалин [и др.]  |v [С. 358-359]  |d 2013 
601 0 2 |a Национальный исследовательский Томский политехнический университет (ТПУ)  |b Институт кибернетики (ИК)  |2 stltpush  |3 (RuTPU)RU\TPU\col\18397 
610 1 |a труды учёных ТПУ 
610 1 |a электронный ресурс 
610 1 |a кураторы 
610 1 |a студенты 
610 1 |a ТПУ 
610 1 |a адаптация 
700 1 |a Жаркая  |b В. В.  |g Вероника Викторовна 
701 1 |a Овчинников  |b А. В.  |c специалист в области электроники и автоматики физических установок  |c заведующий учебно-научной лабораторией дискретной и микропроцессорной техники Томского политехнического университета  |f 1984-  |g Антон Викторович  |3 (RuTPU)RU\TPU\pers\28162 
701 1 |a Хосиев  |b В. Т.  |g Вусал Тахир оглы 
712 0 2 |a Национальный исследовательский Томский политехнический университет  |c (2009- )  |9 26305 
801 2 |a RU  |b 63413507  |c 20161114  |g RCR 
856 4 |u http://www.lib.tpu.ru/fulltext/c/2013/C09/206.pdf 
942 |c CF